Follow That Line: Mulan Quiz Stats

 Plays Quiz Updated Apr 9, 2018

Challenge
Share
Tweet
Embed
Score 0/22 Timer 10:00
9 Plays Today
% Correct
Protect the family.
92.5%
Hey, dragon, dragon, not lizard! I dont do that tongue thing.
91.5%
I will die doing what's right.
91.2%
One.
90.6%
It would've been warm, if you were here on time.
90%
Uh yeah, I just woke up! Um, I am the great stone dragon!
89.1%
To find someone who will believe me!
87.3%
Would you like to stay forever?
87.2%
A girl worth fighting for.
84.8%
Oh yeah? Well, I think Ping and I can take you!
83.7%
The greatest gift and honor is having you for a daughter.
83.5%
% Correct
Stop me? He invited me.
83.1%
Don't look at me, I ain't biting no more butts.
82.5%
No! I did.
79%
My name is Mulan.
78.4%
There you are! Who's the smartest doggy in the world?
77.6%
I've heard a great deal about you, Fa Mulan.
72.9%
Why else would I come back? You said you'd trust Ping. Why is Mulan any different?
69.9%
Be careful, Captain. The general may be your father, but I am the Emperor's Council
68.7%
Don't talk with your mouth full. Now let's see your war face.
67.3%
I Live!
56.1%
You don't meet a girl like that every dynasty!
53%

You're not logged in!

Compare scores with friends on all Sporcle quizzes.
OR
Log In

You Might Also Like...

Show Comments

Extras

Top Quizzes Today


Score Distribution

Your Account Isn't Verified!

In order to create a playlist on Sporcle, you need to verify the email address you used during registration. Go to your Sporcle Settings to finish the process.

Report this User

Report this user for behavior that violates our Community Guidelines.

Details: